[Event "SLO-chT NML 31st"]
[Site "Ptuj/Grosuplje"]
[Date "2021.10.23"]
[Round "8.3"]
[White "Pozun, Matej"]
[Black "Osolin, Bogdan"]
[Result "1/2-1/2"]
[WhiteElo "2133"]
[BlackElo "1966"]
[PlyCount "55"]
[EventDate "2021.10.08"]
[EventType "team-tourn"]
[EventRounds "9"]
[EventCountry "SLO"]
[SourceTitle "EXT 2023"]
[Source "ChessBase"]
[SourceDate "2022.10.05"]
[SourceVersion "1"]
[SourceVersionDate "2022.10.05"]
[SourceQuality "1"]
[WhiteTeam "Krsko Triglav"]
[BlackTeam "Domzale"]
[WhiteTeamCountry "SLO"]
[BlackTeamCountry "SLO"]

1. e4 g6 2. d4 Nf6 3. e5 Nh5 4. Nf3 d6 5. Bc4 c6 6. 0-0 d5 7. Bd3 Ng7 8. c4 Ne6 9. Nc3 Bg7 10. cxd5 cxd5 11. Qb3 Nc7 12. Be3 Nc6 13. Rac1 0-0 14. h3 Kh8 15. Nh2 Nxe5 16. dxe5 d4 17. Bg5 dxc3 18. Qxc3 Ne6 19. Be3 Qd5 20. Bc4 Qxe5 21. Qa3 Qd6 22. Qb3 Nd4 23. Bxd4 Qxd4 24. Bxf7 Qxb2 25. Rc7 Qxb3 26. Bxb3 Bf6 27. Ng4 Bxg4 28. hxg4 1/2-1/2

[Event "Ljubljana-chT 73rd"]
[Site "Ljubljana"]
[Date "2020.03.05"]
[Round "6.4"]
[White "Zidar, Jernej"]
[Black "Osolin, Bogdan"]
[Result "1/2-1/2"]
[WhiteElo "1696"]
[BlackElo "1973"]
[PlyCount "117"]
[EventDate "2020.01.16"]
[EventType "team-swiss"]
[EventRounds "6"]
[EventCountry "SLO"]
[SourceTitle "EXT 2024"]
[Source "ChessBase"]
[SourceDate "2023.10.10"]
[SourceVersion "1"]
[SourceVersionDate "2023.10.10"]
[SourceQuality "1"]
[WhiteTeam "Komenda Popotnik"]
[BlackTeam "Domzale Tajfun"]
[WhiteTeamCountry "SLO"]
[BlackTeamCountry "SLO"]

1. d4 Nf6 2. Nf3 b5 3. g3 Bb7 4. Bg2 h6 5. 0-0 a5 6. Na3 b4 7. Nc4 e6 8. b3 a4 9. bxa4 Rxa4 10. c3 Ra7 11. cxb4 Bxb4 12. Qb3 Be7 13. Bd2 Bd5 14. Nfe5 Ne4 15. Qc2 Nxd2 16. Nxd2 Bxg2 17. Kxg2 0-0 18. f4 Qc8 19. e4 Qa6 20. Qc4 Qa5 21. Ndf3 c6 22. Qc2 Na6 23. Nc4 Qh5 24. Rfd1 Nb4 25. Qb3 g5 26. a3 Na6 27. fxg5 hxg5 28. Nce5 Rb8 29. Qc2 f6 30. Nd3 Qg6 31. Nf2 Rab7 32. Ra2 Rb3 33. Rd3 R3b7 34. h3 Kg7 35. Rc3 Nc7 36. Rd3 Rb1 37. Rd1 Rxd1 38. Nxd1 g4 39. hxg4 Qxg4 40. Ne3 Qh5 41. Rb2 Rh8 42. Rb1 Qh3+ 43. Kf2 Bxa3 44. Qb3 Bd6 45. Rg1 Nb5 46. Qd3 Ra8 47. Qc2 Ra3 48. d5 Nc3 49. Nd2 Qh2+ 50. Rg2 Bxg3+ 51. Kf3 Qh1 52. Kxg3 Kf7 53. Kf3 cxd5 54. exd5 Nxd5 55. Qg6+ Ke7 56. Qg7+ Ke8 57. Qg8+ Ke7 58. Qg7+ Ke8 59. Qg6+ 1/2-1/2

[Event "SLO-chT Central 18th"]
[Site "Slovenia"]
[Date "2017.10.05"]
[Round "4.4"]
[White "Vujic, Nikola"]
[Black "Osolin, Bogdan"]
[Result "0-1"]
[WhiteElo "1527"]
[BlackElo "1999"]
[PlyCount "60"]
[EventDate "2017.09.14"]
[EventType "team-tourn"]
[EventRounds "7"]
[EventCountry "SLO"]
[SourceTitle "EXT 2019"]
[Source "ChessBase"]
[SourceDate "2018.10.10"]
[SourceVersion "1"]
[SourceVersionDate "2018.10.10"]
[SourceQuality "1"]
[WhiteTeam "Ig"]
[BlackTeam "Bor Dob"]
[WhiteTeamCountry "SLO"]
[BlackTeamCountry "SLO"]

1. d4 Nf6 2. Bf4 c5 3. e3 Qb6 4. b3 e6 5. Nf3 Nd5 6. Bg3 cxd4 7. Qxd4 Qa5+ 8. Nfd2 Nc6 9. Qa4 Qxa4 10. bxa4 Be7 11. a3 Bf6 12. Ra2 Nc3 13. Nxc3 Bxc3 14. Bb5 d5 15. Bd6 Bd7 16. Bxc6 Bxc6 17. Bb4 Bxd2+ 18. Bxd2 Bxa4 19. 0-0 Rc8 20. Rc1 b6 21. Rb2 Kd7 22. Kf1 Rc4 23. Ke2 Rhc8 24. c3 e5 25. Rb4 Kd6 26. f4 f6 27. Be1 Bd7 28. h3 h5 29. Rd1 Ba4 30. Rd3 Rxb4 0-1

[Event "SLO-chT1 West"]
[Site "Ljubljana"]
[Date "2015.11.27"]
[Round "7"]
[White "Osolin, Bogdan"]
[Black "Marinc, Damir"]
[Result "1/2-1/2"]
[WhiteElo "2058"]
[BlackElo "1999"]
[PlyCount "23"]
[EventDate "2015.10.16"]
[EventType "team-tourn"]
[EventRounds "9"]
[EventCountry "SLO"]
[SourceTitle "EXT 2019"]
[Source "ChessBase"]
[SourceDate "2018.10.10"]
[SourceVersion "1"]
[SourceVersionDate "2018.10.10"]
[SourceQuality "1"]
[WhiteTeam "Domzale"]
[BlackTeam "Kocevje"]
[WhiteTeamCountry "SLO"]
[BlackTeamCountry "SLO"]

1. e4 e6 2. d4 d5 3. Nc3 Bb4 4. Bd2 dxe4 5. Qg4 Kf8 6. Qxe4 Nf6 7. Qh4 Nc6 8. Nf3 Nd5 9. Qxd8+ Nxd8 10. Nxd5 Bxd2+ 11. Kxd2 exd5 12. Bd3 1/2-1/2

[Event "SLO-chT Central Superliga 16th"]
[Site "Slovenia"]
[Date "2015.11.05"]
[Round "6.2"]
[White "More, Erlend"]
[Black "Osolin, Bogdan"]
[Result "0-1"]
[WhiteElo "1664"]
[BlackElo "2058"]
[PlyCount "97"]
[EventDate "2015.09.10"]
[EventType "team-tourn"]
[EventRounds "9"]
[EventCountry "SLO"]
[SourceTitle "EXT 2022"]
[Source "ChessBase"]
[SourceDate "2021.10.06"]
[SourceVersion "1"]
[SourceVersionDate "2021.10.06"]
[SourceQuality "1"]
[WhiteTeam "Komenda Pogi"]
[BlackTeam "Bor Dob"]
[WhiteTeamCountry "SLO"]
[BlackTeamCountry "SLO"]

1. d4 Nf6 2. c4 e5 3. dxe5 Ne4 4. Nf3 Nc6 5. a3 a5 6. e3 Qe7 7. Qd5 Nc5 8. Qd1 Nxe5 9. Nxe5 Qxe5 10. Be2 Bd6 11. Nd2 0-0 12. Nf3 Qf6 13. Qc2 b6 14. 0-0 Bb7 15. Bd2 Be4 16. Qc3 Qh6 17. h3 Rae8 18. Rad1 a4 19. Bc1 f5 20. Rxd6 cxd6 21. Nd4 Qf6 22. f3 Bc6 23. Bd1 Kh8 24. Bc2 g6 25. Re1 Kg8 26. Qb4 Rb8 27. b3 axb3 28. Nxb3 Rfe8 29. Nd4 Qg5 30. Nxc6 dxc6 31. Qc3 Kf7 32. Bb2 Rg8 33. Rd1 Rbd8 34. Kh2 Rde8 35. f4 Qe7 36. Qd4 Rd8 37. Qc3 Nd7 38. Bb3 c5 39. Qe1 Rge8 40. Qd2 Qxe3 41. Qxd6 Qxb3 42. Qd5+ Re6 43. Re1 Nf8 44. Qxd8 Qxb2 45. Qc7+ Kg8 46. Re5 Qf2 47. Rxe6 Nxe6 48. Qc8+ Kf7 49. Qd7+ 0-1

[Event "SLO-chT Central Superliga 15th"]
[Site "Slovenia"]
[Date "2014.10.09"]
[Round "5.1"]
[White "Osolin, Bogdan"]
[Black "Lucovnik, Tilen"]
[Result "1/2-1/2"]
[WhiteElo "2100"]
[BlackElo "1992"]
[PlyCount "23"]
[EventDate "2014.09.11"]
[EventType "team-tourn"]
[EventRounds "9"]
[EventCountry "SLO"]
[SourceTitle "EXT 2022"]
[Source "ChessBase"]
[SourceDate "2021.10.06"]
[SourceVersion "1"]
[SourceVersionDate "2021.10.06"]
[SourceQuality "1"]
[WhiteTeam "Bor Dob"]
[BlackTeam "Komenda Pogi"]
[WhiteTeamCountry "SLO"]
[BlackTeamCountry "SLO"]

1. Nf3 d5 2. d4 Nf6 3. c4 dxc4 4. Qa4+ Nc6 5. e3 Bd7 6. Bxc4 e6 7. Qd1 a6 8. Nc3 b5 9. Bb3 Na5 10. Ne5 c5 11. Bc2 cxd4 12. exd4 1/2-1/2

[Event "SLO-chT Central Superliga 15th"]
[Site "Slovenia"]
[Date "2014.10.02"]
[Round "4.2"]
[White "Osolin, Bogdan"]
[Black "Sedlar, Tomo"]
[Result "0-1"]
[WhiteElo "2100"]
[BlackElo "1848"]
[PlyCount "104"]
[EventDate "2014.09.11"]
[EventType "team-tourn"]
[EventRounds "9"]
[EventCountry "SLO"]
[SourceTitle "EXT 2022"]
[Source "ChessBase"]
[SourceDate "2021.10.06"]
[SourceVersion "1"]
[SourceVersionDate "2021.10.06"]
[SourceQuality "1"]
[WhiteTeam "Bor Dob"]
[BlackTeam "Barob Smarca"]
[WhiteTeamCountry "SLO"]
[BlackTeamCountry "SLO"]

1. Nf3 d5 2. d4 Nf6 3. c4 e6 4. Nc3 c5 5. cxd5 exd5 6. g3 Nc6 7. Bg2 Qb6 8. Na4 Qb5 9. dxc5 Bxc5 10. Nxc5 Qxc5 11. 0-0 0-0 12. Be3 Qb5 13. b3 Bg4 14. Re1 Rfe8 15. Bd4 Bxf3 16. Bxf3 Ne4 17. e3 f5 18. Be2 Qb4 19. Bb2 Rad8 20. Bd3 Ne5 21. Kg2 g6 22. Rc1 Nc6 23. Re2 Kf7 24. Rec2 Qb6 25. a3 Qxb3 26. Rb1 Rd7 27. g4 fxg4 28. Bc4 Qa4 29. Qxg4 Ke7 30. Bd3 Kd8 31. f3 h5 32. Bf6+ Kc8 33. Qxg6 Nxf6 34. Bb5 Qxb5 35. Rxb5 Rg8 36. Qxg8+ Nxg8 37. Kg3 Kd8 38. Kh4 Nf6 39. Kg5 Ke7 40. Kf5 d4 41. e4 d3 42. Rc4 Nd4+ 43. Rxd4 Rxd4 44. Rxb7+ Rd7 45. Rb1 d2 46. Rd1 Rd3 47. Kf4 Ke6 48. h3 Nd7 49. e5 Nxe5 50. Ke4 Rd7 51. Ke3 Nc4+ 52. Ke2 Nxa3 0-1

[Event "SLO-chT Central Superliga 15th"]
[Site "Slovenia"]
[Date "2014.09.25"]
[Round "3.2"]
[White "Debevec, Blaz"]
[Black "Osolin, Bogdan"]
[Result "1-0"]
[WhiteElo "2114"]
[BlackElo "2100"]
[PlyCount "101"]
[EventDate "2014.09.11"]
[EventType "team-tourn"]
[EventRounds "9"]
[EventCountry "SLO"]
[SourceTitle "EXT 2022"]
[Source "ChessBase"]
[SourceDate "2021.10.06"]
[SourceVersion "1"]
[SourceVersionDate "2021.10.06"]
[SourceQuality "1"]
[WhiteTeam "Komenda Popotnik"]
[BlackTeam "Bor Dob"]
[WhiteTeamCountry "SLO"]
[BlackTeamCountry "SLO"]

1. d4 Nf6 2. c4 g6 3. g3 c5 4. d5 d6 5. Bg2 Na6 6. Nc3 Bg7 7. Nf3 e6 8. 0-0 0-0 9. h3 Nc7 10. a4 a6 11. a5 exd5 12. cxd5 Nb5 13. Nd2 Nxc3 14. bxc3 Nd7 15. Ra3 b5 16. axb6 Nxb6 17. c4 a5 18. Qc2 Re8 19. e3 a4 20. Bb2 Rb8 21. Bxg7 Kxg7 22. Ne4 f6 23. g4 Qe7 24. f4 Ba6 25. g5 f5 26. Qc3+ Kf7 27. Nd2 Bc8 28. h4 h5 29. Bf3 Kg8 30. Rb1 Bd7 31. Kf2 Rf8 32. Bd1 Qd8 33. Bc2 Qc7 34. Kg3 Rf7 35. Re1 Nc8 36. e4 Rb4 37. e5 Re7 38. Nf3 Nb6 39. Bd3 Be8 40. exd6 Qxd6 41. Re5 Nd7 42. Rxe7 Qxe7 43. Ne5 Nb6 44. Bc2 Nc8 45. Qe1 Rxc4 46. Re3 Rxc2 47. Nf3 Qd7 48. Rxe8+ Kg7 49. Qe5+ Kf7 50. Rh8 Ne7 51. Qf6# 1-0

[Event "SLO-chT Central Superliga 14th"]
[Site "Slovenia"]
[Date "2013.11.14"]
[Round "7.1"]
[White "Solmajer, Luka"]
[Black "Osolin, Bogdan"]
[Result "0-1"]
[WhiteElo "2063"]
[BlackElo "2098"]
[PlyCount "76"]
[EventDate "2013.09.19"]
[EventType "team-tourn"]
[EventRounds "9"]
[EventCountry "SLO"]
[SourceTitle "EXT 2022"]
[Source "ChessBase"]
[SourceDate "2021.10.06"]
[SourceVersion "1"]
[SourceVersionDate "2021.10.06"]
[SourceQuality "1"]
[WhiteTeam "Klinicni Center II"]
[BlackTeam "Bor Dob"]
[WhiteTeamCountry "SLO"]
[BlackTeamCountry "SLO"]

1. d4 Nf6 2. c4 e6 3. Nf3 d5 4. Nc3 c6 5. Bg5 Bb4 6. Qb3 c5 7. dxc5 Nc6 8. 0-0-0 Qa5 9. Bxf6 gxf6 10. cxd5 exd5 11. Nxd5 Qxc5+ 12. Qc2 Qxc2+ 13. Kxc2 Bf5+ 14. Kb3 Be6 15. e4 Bc5 16. Kc2 0-0-0 17. Bc4 Bxf2 18. Rhf1 Bc5 19. Bb3 f5 20. Ng5 Rhg8 21. h4 h6 22. Nxe6 Rxg2+ 23. Kb1 fxe6 24. Nf4 Rxd1+ 25. Rxd1 Rh2 26. Bxe6+ Kb8 27. exf5 Bd4 28. h5 Rxb2+ 29. Kc1 Rh2 30. Bd5 Be3+ 31. Kb1 Bxf4 32. f6 Rd2 33. f7 Rxd1+ 34. Kc2 Bd6 35. Kxd1 Kc7 36. Kd2 Kd8 37. a4 Ke7 38. Ke3 Nd8 0-1

[Event "SLO-chT Central Superliga 13th"]
[Site "Slovenia"]
[Date "2012.10.04"]
[Round "4.1"]
[White "Osolin, Bogdan"]
[Black "Oberc, Marjan"]
[Result "1/2-1/2"]
[WhiteElo "2095"]
[BlackElo "2049"]
[PlyCount "91"]
[EventDate "2012.09.13"]
[EventType "team-tourn"]
[EventRounds "7"]
[EventCountry "SLO"]
[SourceTitle "EXT 2022"]
[Source "ChessBase"]
[SourceDate "2021.10.06"]
[SourceVersion "1"]
[SourceVersionDate "2021.10.06"]
[SourceQuality "1"]
[WhiteTeam "Bor Dob"]
[BlackTeam "Trzin Buscotrade"]
[WhiteTeamCountry "SLO"]
[BlackTeamCountry "SLO"]

1. e4 c5 2. Nf3 Nc6 3. Bb5 a6 4. Bxc6 bxc6 5. a4 d5 6. Qe2 e6 7. d3 Be7 8. Nbd2 Nf6 9. Ne5 Qc7 10. f4 Bd6 11. Ndf3 Nd7 12. Nxf7 Kxf7 13. Ng5+ Kg8 14. Nxe6 Qb8 15. e5 Bf8 16. Nd8 Qb6 17. Ne6 c4 18. a5 cxd3 19. cxd3 Qb4+ 20. Bd2 Qe7 21. Nd4 Nc5 22. f5 Qh4+ 23. Kf1 Qxd4 24. Bc3 Qxd3 25. Qxd3 Nxd3 26. e6 Be7 27. h4 h5 28. Rh3 Bf6 29. Bxf6 gxf6 30. Rxd3 Rh7 31. Re1 Kf8 32. Rc1 Bb7 33. Kf2 Ke7 34. Rb3 Kd6 35. Re1 Re7 36. Rg3 Rf8 37. Rg6 Rh7 38. b4 Bc8 39. Kf3 Rb7 40. Rb1 Ke5 41. g4 hxg4+ 42. Kxg4 Kd6 43. h5 Bxe6 44. fxe6 Kxe6 45. h6 Rh7 46. Kh5 1/2-1/2

[Event "Ljubljana-chT 65th 1st League"]
[Site "Ljubljana"]
[Date "2012.02.09"]
[Round "4.1"]
[White "Osolin, Bogdan"]
[Black "Racnik, Tone"]
[Result "1/2-1/2"]
[WhiteElo "2095"]
[BlackElo "2032"]
[PlyCount "105"]
[EventDate "2012.01.12"]
[EventType "team-tourn"]
[EventRounds "9"]
[EventCountry "SLO"]
[SourceTitle "EXT 2022"]
[Source "ChessBase"]
[SourceDate "2021.10.06"]
[SourceVersion "1"]
[SourceVersionDate "2021.10.06"]
[SourceQuality "1"]
[WhiteTeam "Bor Dob"]
[BlackTeam "Vrhnika"]
[WhiteTeamCountry "SLO"]
[BlackTeamCountry "SLO"]

1. e4 d6 2. d4 Nf6 3. Nc3 g6 4. f4 Bg7 5. Nf3 0-0 6. Bd3 Nc6 7. e5 dxe5 8. dxe5 Nh5 9. Ng5 h6 10. Nge4 f5 11. Nf2 Nb4 12. Bc4+ Kh7 13. a3 Qxd1+ 14. Kxd1 Nc6 15. Be3 a6 16. Ke1 Rd8 17. Rd1 Rxd1+ 18. Kxd1 e6 19. g4 fxg4 20. Nxg4 Ne7 21. Bd3 Nf5 22. Ke2 Bd7 23. Rd1 Bc6 24. Be4 Bxe4 25. Nxe4 Re8 26. Ngf6+ Nxf6 27. exf6 Bf8 28. Rd7+ Kh8 29. Rxc7 e5 30. f7 Re7 31. Rxe7 Nxe7 32. fxe5 Nc6 33. e6 Kg7 34. Kd3 g5 35. Nc5 Nd8 36. Bd4+ Kg6 37. Ke4 b6 38. Nd7 Nxe6 39. Nxf8+ Nxf8 40. Bxb6 Kxf7 41. Be3 Ke6 42. b4 Nd7 43. Bd4 Nb8 44. c4 h5 45. b5 h4 46. Bf2 axb5 47. cxb5 Nd7 48. b6 Nf6+ 49. Kf3 g4+ 50. Kg2 g3 51. b7 Nd7 52. hxg3 hxg3 53. Bxg3 1/2-1/2

[Event "Ljubljana-chT 65th 1st League"]
[Site "Ljubljana"]
[Date "2012.01.12"]
[Round "1.1"]
[White "Oberc, Marjan"]
[Black "Osolin, Bogdan"]
[Result "1/2-1/2"]
[WhiteElo "2053"]
[BlackElo "2095"]
[PlyCount "44"]
[EventDate "2012.01.12"]
[EventType "team-tourn"]
[EventRounds "9"]
[EventCountry "SLO"]
[SourceTitle "EXT 2022"]
[Source "ChessBase"]
[SourceDate "2021.10.06"]
[SourceVersion "1"]
[SourceVersionDate "2021.10.06"]
[SourceQuality "1"]
[WhiteTeam "Trzin Buscotrade"]
[BlackTeam "Bor Dob"]
[WhiteTeamCountry "SLO"]
[BlackTeamCountry "SLO"]

1. e4 e5 2. Nf3 Nc6 3. Bb5 a6 4. Ba4 Nf6 5. 0-0 b5 6. Bb3 Be7 7. c3 d6 8. Re1 0-0 9. h3 Na5 10. Bc2 c5 11. d4 cxd4 12. cxd4 Qc7 13. Nbd2 Bb7 14. Nf1 Rac8 15. Bd3 Nc6 16. d5 Nb4 17. Bb1 Nc2 18. Bxc2 Qxc2 19. Qxc2 Rxc2 20. Ne3 Rc7 21. Nf5 h6 22. Nxe7+ Rxe7 1/2-1/2

[Event "SLO-chT Central 1st League 12th"]
[Site "Slovenia"]
[Date "2011.10.20"]
[Round "6.1"]
[White "Osolin, Bogdan"]
[Black "Butala, Marjan"]
[Result "0-1"]
[WhiteElo "2116"]
[BlackElo "2074"]
[PlyCount "100"]
[EventDate "2011.09.08"]
[EventType "team-tourn"]
[EventRounds "9"]
[EventCountry "SLO"]
[SourceTitle "EXT 2022"]
[Source "ChessBase"]
[SourceDate "2021.10.06"]
[SourceVersion "1"]
[SourceVersionDate "2021.10.06"]
[SourceQuality "1"]
[WhiteTeam "Bor Dob"]
[BlackTeam "Trzin Buscotrade"]
[WhiteTeamCountry "SLO"]
[BlackTeamCountry "SLO"]

1. b3 e5 2. Bb2 d6 3. e3 Nc6 4. Bb5 Bd7 5. d3 Qg5 6. Qf3 Nge7 7. h4 Qg4 8. a3 h5 9. Nd2 Rh6 10. Qxg4 hxg4 11. Ne2 a6 12. Bxc6 Bxc6 13. e4 f5 14. g3 fxe4 15. dxe4 Rf6 16. f4 gxf3 17. Nc3 d5 18. Rf1 d4 19. Nd1 0-0-0 20. Rc1 Ng8 21. Nf2 Nh6 22. c4 dxc3 23. Rxc3 Bb5 24. Nc4 Bc5 25. Rc2 Bd4 26. Bc1 Rg6 27. Bg5 Re8 28. Nh3 Bd7 29. Nf2 Ng4 30. Nd1 f2+ 31. Nxf2 Nxf2 32. Rfxf2 Bxf2+ 33. Kxf2 Rc6 34. Rb2 Bg4 35. Rd2 b5 36. Ne3 Rf8+ 37. Kg1 Rc1+ 38. Kh2 Bf3 39. Ng2 Rc3 40. Rf2 Re8 41. Ne1 Bxe4 42. Rf7 g6 43. g4 Rxb3 44. Be7 a5 45. h5 gxh5 46. gxh5 Re3 47. Bh4 Rh8 48. Kg1 Rxh5 49. Kf2 Rxa3 50. Bg3 Rf5+ 0-1

[Event "SLO-CupT"]
[Site "Slovenia"]
[Date "2011.03.19"]
[Round "2"]
[White "Buzeti, Jernej"]
[Black "Osolin, Bogdan"]
[Result "1-0"]
[WhiteElo "2293"]
[BlackElo "2105"]
[PlyCount "137"]
[EventDate "2011.03.06"]
[EventType "team-swiss"]
[EventRounds "5"]
[EventCountry "SLO"]
[SourceTitle "EXT 2019"]
[Source "ChessBase"]
[SourceDate "2018.10.10"]
[SourceVersion "1"]
[SourceVersionDate "2018.10.10"]
[SourceQuality "1"]
[WhiteTeam "Radenska Pomgrad"]
[BlackTeam "Domzale"]
[WhiteTeamCountry "SLO"]
[BlackTeamCountry "SLO"]

1. e4 c5 2. Nf3 Nc6 3. d4 cxd4 4. Nxd4 Nf6 5. Nc3 g6 6. Be3 Bg7 7. Bc4 0-0 8. Bb3 a5 9. 0-0 Nxd4 10. Bxd4 d6 11. f3 Bd7 12. a4 Bc6 13. Kh1 Nd7 14. Bxg7 Kxg7 15. Qd4+ Kg8 16. Rfd1 Qb6 17. Nd5 Bxd5 18. exd5 Qxd4 19. Rxd4 Nb6 20. Re1 Rfe8 21. Bc4 Nxc4 22. Rxc4 Rac8 23. Ree4 f5 24. Red4 Kf7 25. Kg1 e5 26. dxe6+ Kxe6 27. Kf2 d5 28. Rxc8 Rxc8 29. c3 g5 30. g3 Rc5 31. Ke3 b5 32. axb5 Rxb5 33. Rd2 Rc5 34. Kd4 Rc4+ 35. Kd3 Rc8 36. Kd4 Rc4+ 37. Kd3 Rc8 38. b3 Rb8 39. Ra2 Rxb3 40. Rxa5 Rb2 41. Ra6+ Ke5 42. Rh6 Rb7 43. h4 f4 44. g4 d4 45. Rh5 dxc3 46. Rxg5+ Ke6 47. Rc5 Re7 48. Kxc3 Kd6 49. Kd4 Re3 50. Rc3 Re1 51. Ra3 Ke6 52. Ra6+ Kf7 53. g5 Rd1+ 54. Ke4 Rh1 55. Rf6+ Kg7 56. Rxf4 h6 57. Kf5 Rf1 58. Kg4 Rg1+ 59. Kh5 hxg5 60. hxg5 Rg3 61. Rf6 Rg1 62. f4 Rf1 63. Kg4 Ra1 64. Rb6 Ra4 65. Rf6 Rb4 66. Kh5 Rb1 67. Ra6 Rh1+ 68. Kg4 Rf1 69. Ra7+ 1-0

[Event "SLO-chT Central Superliga 11th"]
[Site "Slovenia"]
[Date "2010.11.18"]
[Round "9.1"]
[White "Kozarski, Filip"]
[Black "Osolin, Bogdan"]
[Result "1-0"]
[WhiteElo "1937"]
[BlackElo "2128"]
[PlyCount "77"]
[EventDate "2010.09.09"]
[EventType "team-tourn"]
[EventRounds "9"]
[EventCountry "SLO"]
[SourceTitle "EXT 2022"]
[Source "ChessBase"]
[SourceDate "2021.10.06"]
[SourceVersion "1"]
[SourceVersionDate "2021.10.06"]
[SourceQuality "1"]
[WhiteTeam "Komenda Pogi"]
[BlackTeam "Bor Dob"]
[WhiteTeamCountry "SLO"]
[BlackTeamCountry "SLO"]

1. e4 e5 2. Nf3 Nc6 3. d4 exd4 4. Nxd4 Nf6 5. Nxc6 bxc6 6. e5 Qe7 7. Qe2 Nd5 8. c4 Ba6 9. b3 g6 10. Bb2 Qb4+ 11. Nd2 Bh6 12. a3 Qe7 13. g3 0-0 14. Bg2 Rab8 15. 0-0 f5 16. f4 Nb6 17. Qf2 Nxc4 18. Nxc4 Rxb3 19. Rfc1 Rfb8 20. Bd4 Qe6 21. Bf1 Bf8 22. Nd2 R3b5 23. Bc4 Rd5 24. Bxa6 c5 25. Bc4 cxd4 26. Qf3 c6 27. Rab1 Rd8 28. Bxd5 cxd5 29. Qd3 g5 30. Nf3 gxf4 31. gxf4 Bh6 32. Nxd4 Qg6+ 33. Kh1 Kh8 34. Qxf5 Qxf5 35. Nxf5 Bxf4 36. Re1 Rc8 37. Rb7 h5 38. Rxd7 Rc2 39. e6 1-0

[Event "SLO-chT1 West"]
[Site "Ljubljana"]
[Date "2010.10.10"]
[Round "6.5"]
[White "Osolin, Bogdan"]
[Black "Juhant, Igor"]
[Result "1/2-1/2"]
[WhiteElo "2128"]
[BlackElo "1931"]
[PlyCount "79"]
[EventDate "2010.09.24"]
[EventType "team-tourn"]
[EventRounds "9"]
[EventCountry "SLO"]
[SourceTitle "CBM 138 Extra"]
[Source "ChessBase"]
[SourceDate "2010.10.29"]
[SourceVersion "1"]
[SourceVersionDate "2010.10.29"]
[SourceQuality "1"]
[WhiteTeam "Domzale"]
[BlackTeam "Komenda"]
[WhiteTeamCountry "SLO"]
[BlackTeamCountry "SLO"]

1. e4 c5 2. Nf3 d6 3. d4 cxd4 4. Nxd4 Nf6 5. Nc3 a6 6. h3 e6 7. g4 h6 8. Bg2 Be7 9. Be3 Qc7 10. 0-0 Nc6 11. Nde2 b5 12. Qd2 Bb7 13. f3 Rd8 14. Qe1 Ne5 15. a3 Nc4 16. Bc1 d5 17. Ng3 0-0 18. f4 dxe4 19. Ngxe4 Nxe4 20. Nxe4 Rd7 21. f5 exf5 22. gxf5 Bxe4 23. Qxe4 Bf6 24. c3 Nd2 25. Bxd2 Rxd2 26. Rab1 Rfd8 27. Rfe1 Qc5+ 28. Qe3 Qd6 29. Re2 Bg5 30. Qf3 Qc5+ 31. Kh1 Rxe2 32. Qxe2 Qxf5 33. Rf1 Qd7 34. Re1 Bh4 35. Rg1 Re8 36. Qh5 Bg5 37. Rd1 Qf5 38. Rf1 Qe6 39. Qf3 Bd8 40. Qd5 1/2-1/2

[Event "Ljubljana-chT 63rd 1st League"]
[Site "Ljubljana"]
[Date "2010.01.14"]
[Round "2.1"]
[White "Osolin, Bogdan"]
[Black "Hribar, Janez"]
[Result "1/2-1/2"]
[WhiteElo "2102"]
[BlackElo "2116"]
[PlyCount "35"]
[EventDate "2010.01.07"]
[EventType "team-tourn"]
[EventRounds "9"]
[EventCountry "SLO"]
[SourceTitle "EXT 2022"]
[Source "ChessBase"]
[SourceDate "2021.10.06"]
[SourceVersion "1"]
[SourceVersionDate "2021.10.06"]
[SourceQuality "1"]

1. d4 Nf6 2. Bf4 g6 3. e3 Bg7 4. Nd2 d6 5. h3 0-0 6. Ngf3 Nbd7 7. Bh2 Re8 8. Bc4 h6 9. c3 c6 10. Qc2 a5 11. a4 b6 12. Qb3 d5 13. Be2 Ba6 14. Bxa6 Rxa6 15. Ne5 Nxe5 16. Bxe5 Nd7 17. Bxg7 Kxg7 18. f4 1/2-1/2